| 000 | 00526nam a2200193Ia 4500 | ||
|---|---|---|---|
| 003 | IN-BaIIA | ||
| 008 | 211028s9999 xx 000 0 eng d | ||
| 040 | _cIIA Library | ||
| 080 |
_a512:514 _bROB |
||
| 100 |
_aRobison, J. Vincent _96392 |
||
| 245 | 0 |
_aModern algebra and trigonometry _cJ. Vincent Robison |
|
| 260 |
_aNew York _bMcGraw-Hill _c1966 |
||
| 300 | _axi, 401p. | ||
| 500 | _aIncludes Index | ||
| 650 |
_aAlgebra _91494 |
||
| 650 | _aAstronomy and Astrophysics Thesaurus | ||
| 650 | _aTrigonometry | ||
| 942 | _cBK | ||
| 999 |
_c3605 _d3605 |
||